000 00679nam a22001817a 4500
005 20260305094434.0
008 260303b |||||||| |||| 00| 0 eng d
020 _a9789387791329
040 _cVITAP
082 _223
_a954.035092 RAM
100 _aRamamurthy, V
_917171
245 _aMahatma Gandhi The Last 200 Days
_b: From The Pages of Hindu
_c/ V. Ramamurthy
260 _aChennai
_bTHG Publishing Pvt. Ltd
_c2022
300 _axviii, 530p, ill.: 23cm
500 _ait include index pages
650 0 _aPartition of India (1947), Gandhi’s Peace Missions, Political Developments, Communal Tensions in Delhi, Assassination of Mahatma Gandhi etc.
_917172
942 _2ddc
_cREF
999 _c47312
_d47312